Países más Cercanos a Europa - Estadísticas

Estadísticas generales
  • Esta prueba ha sido intentada 4.812 veces
  • La puntuación promedio es 17 de 20
Estadísticas de respuestas
km País millas % Correcto
14 Marruecos 9
98%
0 Turquía 0
96%
363 Egipto 225
95%
153 Argelia 95
92%
70 Túnez 44
92%
0 Georgia 0
91%
725 Israel 451
91%
110 Armenia 69
89%
0 Azerbaiyán 0
89%
341 Libia 212
89%
511 Irak 318
87%
625 Siria 388
87%
165 Irán 103
86%
392 Chipre 243
85%
970 Arabia Saudita 602
83%
0 Kazajistán 0
83%
789 Jordania 490
82%
713 Líbano 443
82%
615 Uzbekistán 382
73%
321 Turkmenistán 199
69%
No se encontraron pruebas coincidentes
Distribución de puntuación
Porcentaje de gente con cada puntuación
Porcentaje por número respondido
Historial de tus puntuaciones
No has intentado esta prueba.